000 01296cam a2200301 a 4500
001 000007309
005 20200929154128.0
008 960201s1994 ck 000 0 spa
020 _a9586121747
040 _aDO-SdBNP
_bspa
_cLC
_dBNPHU
082 _a910.9861
_bC663v
100 1 _aCochrane, Charles Stuart
_920310
245 1 0 _aViajes por Colombia 1823 y 1824 /
_cCharles Stuart Cochrane ; prólogo de Conrado Zuluaga ; traducción de Ernesto Guhl.
260 _aBogotá :
_bPresidencia de la República;
_bComisión Preparatoria para el V Centenario del Descubrimiento de América;
_bInstituto Colombiano de Cultura :
_bBiblioteca Nacional de Colombia,
_c1994.
300 _a319 p. ;
_c24 cm.
490 1 _aBiblioteca V Centenario Colcultura. Viajeros por Colombia
651 4 _aColombia
_xDescripciones Y Viajes
_916997
651 4 _aColombia
_xVida Social Y Costumbres
_918000
651 4 _aColombia
_xHistoria
_y1819-1831
_920311
600 1 0 _aCOCHRANE, CHARLES STUART
_xVIAJES
_zCOLOMBIA
_920312
700 1 _aZuluaga, Conrado,
_ePról.
_98657
700 1 _aGuhl, Ernesto,
_etr.
_920313
830 0 _aBanco de la República
_920314
830 0 _aBiblioteca V Centenario Colcultura :
_pViajeros por Colombia
_920309
910 _aCatalogación por copia / LC
910 _aWM
049 _aBNGR
999 _c7090
_d7090